01618nam a2200361 a 4500001001000000003000500010005001700015008004100032010001100073011001100084040000900095090001000104100004200114245018500156260004100341500006000382502011200442590004100554590004100595590003900636590003900675650003400714650002800748650005200776700004000828856007000868901000700938942001000945942000600955999001900961952013600980952014001116000108912CHAP20220329144029.0140319s2013 mx a |sm |||||||spa|d a105374 a106346 cCHAP aTesis1 aGarcía Hernández, Aurelio912596910aCalculo, instalación y evaluación de un sistema fotovoltaico que alimenta una estación de bombeoh[En línea]cpor Aurelio García Hernández y Gabino Hernández Aguilar. aChapingo, Méx. :bEl autor,c2013. aPara ver el contenido del material haga clic en la liga aTesis (Ing. Agr. Esp. en Mecánica Agrícola) -- UACH. Departamento de Ingeniería Mecánica Agrícola aBATCH-UPDb05c20140324lUCH01h1536 aBATCH-UPDb05c20141002lUCH01h0858 aE792CSJb05c20140319lUCH01h1437 aE792CSJb05c20140319lUCH01h143714aEnergía eléctrica.93690114aEnergía solar.93691114aGeneración de energía fotovoltaica.91252201 aHernández Aguilar, Gabino9125970 aFinding aiduhttp://10.13.5.2/tesis/sist108912.pdfzTeclea aquí aBK cTESIS n0 c105374d105374 00104054718TESISaBCbBCd2014-03-19fTESISl0oTesisp33724002397033r2019-12-31 00:00:00w2019-12-31yTESISzRecien adquirido 00102local4053708TESISaBCbBCcPA_TESISd2014-03-19fTESISl0oTesisp33724002397074r2019-12-31 00:00:00tc.2w2019-12-31yTESIS